000 00328nam a2200145Ia 4500
100 _aPinson/ L.J. & Others
942 _cRB
654 _aComputer
245 _aFirst Course in Compsc with Modula 2
260 _bJohn wiley pub
_aNew York
_c1987
082 _a005.13 'W'
300 _a510
546 _aENGLISH
999 _c33737
_d33737